[Event "21st Asia-ch (w)"]
[Site "Chengdu CHN"]
[Date "2017.05.19"]
[Round "8.16"]
[White "Hamedi Nia, Vesal"]
[Black "Frayna, Janelle Mae"]
[Result "0-1"]
[WhiteElo "1998"]
[BlackElo "2287"]
[EventDate "2017.05.12"]
[PlyCount "80"]

1.d4 g6 2.c4 Bg7 3.Nf3 c5 4.d5 d6 5.e4 Nf6 6.Nc3 O-O 7.Bd3 e6 8.O-O exd5 
9.exd5 Bg4 10.Re1 a6 11.h3 Bxf3 12.Qxf3 Nfd7 13.Ne4 Ne5 14.Qg3 Nbd7 15.Bg5
Qb6 16.Rab1 f5 17.Nd2 f4 18.Bxf4 Nxd3 19.Bxd6 Nxe1 20.Bxf8 Rxf8 21.Rxe1 
Qxb2 22.Nf3 Bd4 23.a4 Nf6 24.Qh4 Nh5 25.Re4 Qc1+ 26.Kh2 Qxc4 27.Nxd4 cxd4 
28.Rxd4 Qc8 29.d6 Qd7 30.g4 Ng7 31.Qg3 Ne6 32.Rd2 Nf4 33.Qb3+ Qf7 34.Qe3 
Nd5 35.Qg3 Qe6 36.Rb2 b5 37.Rc2 Qe4 38.Rd2 Qe1 39.Rc2 Qe4 40.Rc3 Qe2 0-1

[Event "21st Asia-ch (w)"]
[Site "Chengdu CHN"]
[Date "2017.05.19"]
[Round "8.18"]
[White "Li Xueyi"]
[Black "Song Yuxin"]
[Result "1-0"]
[WhiteElo "2161"]
[BlackElo "1977"]
[EventDate "2017.05.12"]
[PlyCount "125"]

1.d4 Nf6 2.c4 e6 3.Nc3 Bb4 4.e3 O-O 5.Bd3 d5 6.Nf3 c5 7.O-O dxc4 8.Bxc4 
cxd4 9.exd4 Nc6 10.Bg5 Be7 11.Re1 Nd5 12.Bxd5 exd5 13.Bxe7 Nxe7 14.Qb3 b6 
15.Re5 Be6 16.Rae1 h6 17.Qc2 Qc8 18.Qd3 Ng6 19.R5e3 Nf4 20.Qb5 Qb7 21.Ne5 
f6 22.Ng6 Bd7 23.Ne7+ Kh8 24.Qb3 Rae8 25.Ncxd5 Nxd5 26.Qxd5 Qxd5 27.Nxd5 
Kg8 28.Rxe8 Rxe8 29.Rxe8+ Bxe8 30.Kf1 Kf7 31.Ke2 Kf8 32.Kd3 Bb5+ 33.Kc3 
Kf7 34.Ne3 Ke6 35.f4 Ba6 36.d5+ Kd6 37.Kd4 Bc8 38.g4 g6 39.f5 g5 40.Nc4+ 
Ke7 41.a4 Ba6 42.b4 Kd7 43.b5 Bc8 44.a5 bxa5 45.Nxa5 Kd6 46.Nc4+ Ke7 47.
Kc5 Kd7 48.Na5 Kc7 49.Nc6 a6 50.b6+ Kd7 51.Na5 Ke7 52.b7 Bxb7 53.Nxb7 Kd7 
54.Na5 Kc7 55.d6+ Kd7 56.Kd5 Kd8 57.Ke6 Ke8 58.Nc6 Kf8 59.d7 Kg7 60.d8=Q 
h5 61.Qxf6+ Kh7 62.Kf7 hxg4 63.Qg7# 1-0

[Event "21st Asia-ch (w)"]
[Site "Chengdu CHN"]
[Date "2017.05.19"]
[Round "8.19"]
[White "Wen Yili"]
[Black "Kiran, Monisha Mohanty"]
[Result "0-1"]
[WhiteElo "1723"]
[BlackElo "2160"]
[EventDate "2017.05.12"]
[PlyCount "76"]

1.c4 c5 2.Nc3 Nc6 3.g3 g6 4.Bg2 Bg7 5.Nf3 e5 6.O-O Nf6 7.d3 O-O 8.Be3 d6 
9.Rb1 h6 10.a3 a5 11.Ne1 Ne8 12.Nc2 a4 13.Bd2 f5 14.Ne3 Nd4 15.Ned5 Bd7 
16.b4 axb3 17.e3 Ne6 18.Rxb3 Bc6 19.Qb1 f4 20.Rd1 f3 21.Bf1 Nf6 22.Nxf6+ 
Qxf6 23.Be1 h5 24.Rd2 h4 25.Qa2 Bh6 26.Nd5 Qd8 27.Kh1 hxg3 28.fxg3 Bxe3 
29.Rdb2 Bh6 30.Bf2 Nd4 31.Rb6 Rf7 32.Rb1 Qg5 33.Ra1 Qh5 34.Qb2 Bg5 35.Ra2 
Raf8 36.a4 Ne2 37.a5 Rh7 38.h4 Bxh4 0-1

[Event "21st Asia-ch (w)"]
[Site "Chengdu CHN"]
[Date "2017.05.19"]
[Round "8.22"]
[White "Hu Yu A"]
[Black "Du Yuxin"]
[Result "1/2-1/2"]
[WhiteElo "2043"]
[BlackElo "2046"]
[EventDate "2017.05.12"]
[PlyCount "72"]

1.e4 c6 2.d4 d5 3.Nd2 dxe4 4.Nxe4 Bf5 5.Ng3 Bg6 6.h4 h6 7.Nf3 Nd7 8.h5 Bh7
9.Bd3 Bxd3 10.Qxd3 e6 11.Bd2 Ngf6 12.O-O-O Be7 13.Qe2 O-O 14.Nf1 Nb6 15.c4
Na4 16.g4 b5 17.Ne3 bxc4 18.Qxc4 Nb6 19.Qc2 Nfd5 20.Kb1 Rc8 21.Bc1 c5 22.
dxc5 Bxc5 23.Qe4 Qc7 24.g5 Bxe3 25.Bxe3 Nxe3 26.fxe3 Qc5 27.Nd4 Qd5 28.
Qxd5 Nxd5 29.e4 Nb6 30.g6 fxg6 31.hxg6 Rf6 32.Rhg1 Re8 33.Nb5 Rf2 34.Rgf1 
Rg2 35.Rg1 Rf2 36.Nd6 Ref8 1/2-1/2

[Event "21st Asia-ch (w)"]
[Site "Chengdu CHN"]
[Date "2017.05.19"]
[Round "8.23"]
[White "Bayar Anu"]
[Black "Omurbekova, Diana"]
[Result "1-0"]
[WhiteElo "2067"]
[BlackElo "1822"]
[EventDate "2017.05.12"]
[PlyCount "73"]

1.d4 Nf6 2.c4 g6 3.Nc3 Bg7 4.e4 O-O 5.Nf3 d6 6.Be2 e5 7.O-O Nc6 8.d5 Ne7 
9.Nd2 Ne8 10.b4 f5 11.c5 Nf6 12.a4 f4 13.Ba3 g5 14.Nc4 Ng6 15.b5 Ne8 16.
Bg4 Qe7 17.b6 dxc5 18.bxc7 b6 19.Nb5 Bxg4 20.Qxg4 Nf6 21.Qxg5 f3 22.g3 a6 
23.Nbd6 Qxc7 24.Rfe1 Rab8 25.Nf5 Ne8 26.d6 Qd7 27.a5 b5 28.Nb6 Rxb6 29.
axb6 b4 30.Bb2 Nxd6 31.Red1 Nxe4 32.Rxd7 Nxg5 33.Rxg7+ Kh8 34.b7 Ne6 35.
Rxa6 Nd4 36.Bxd4 exd4 37.Ra8 1-0

[Event "21st Asia-ch (w)"]
[Site "Chengdu CHN"]
[Date "2017.05.19"]
[Round "8.24"]
[White "Doan Thi Van Anh"]
[Black "Mukhit, Aisezym"]
[Result "1-0"]
[WhiteElo "1997"]
[BlackElo "2034"]
[EventDate "2017.05.12"]
[PlyCount "99"]

1.d4 Nf6 2.Nf3 c5 3.e3 e6 4.b3 b6 5.Bb2 Bb7 6.Bd3 d5 7.Ne5 Nbd7 8.Nd2 Nxe5
9.dxe5 Nd7 10.O-O Qc7 11.f4 Be7 12.Rc1 O-O-O 13.c4 Kb8 14.b4 Rc8 15.cxd5 
exd5 16.bxc5 bxc5 17.Qe2 c4 18.Bf5 Rhd8 19.Kh1 g6 20.Bh3 Ka8 21.e4 Bb4 22.
exd5 Bxd5 23.Ne4 f5 24.Nc3 Bb7 25.a3 Be7 26.Nb5 Qc6 27.a4 Nb6 28.Bd4 Ba6 
29.Qf2 Bc5 30.Bxc5 Qxc5 31.Nd6 Qxf2 32.Rxf2 Rc5 33.g4 fxg4 34.Bxg4 Rf8 35.
e6 Nc8 36.Nf7 Bb7+ 37.Kg1 Ne7 38.Rd2 Bc6 39.Rd7 Nf5 40.e7 Re8 41.Rd8+ Kb7 
42.Bxf5 Rxe7 43.Rb1+ Ka6 44.Bc8+ Ka5 45.Ne5 c3 46.Nxc6+ Rxc6 47.Rd5+ Kxa4 
48.Bd7 Rxd7 49.Rxd7 a5 50.Rdb7 1-0

[Event "21st Asia-ch (w)"]
[Site "Chengdu CHN"]
[Date "2017.05.20"]
[Round "9.1"]
[White "Vo Thi Kim Phung"]
[Black "Gomes, Mary Ann"]
[Result "1/2-1/2"]
[WhiteElo "2323"]
[BlackElo "2318"]
[EventDate "2017.05.12"]
[PlyCount "37"]

1.d4 e6 2.c4 Nf6 3.Nc3 Bb4 4.e3 b6 5.Ne2 Bb7 6.a3 Bxc3+ 7.Nxc3 O-O 8.Bd3 
d5 9.O-O Nbd7 10.b4 c5 11.bxc5 bxc5 12.cxd5 cxd4 13.exd4 Nxd5 14.Nxd5 Bxd5
15.Qh5 f5 16.Bf4 Qf6 17.Bd6 Rf7 18.Rad1 Rc8 19.Bb5 1/2-1/2

[Event "21st Asia-ch (w)"]
[Site "Chengdu CHN"]
[Date "2017.05.20"]
[Round "9.2"]
[White "Nakhbaeva, Guliskhan"]
[Black "Hoang Thi Bao Tram"]
[Result "1/2-1/2"]
[WhiteElo "2321"]
[BlackElo "2371"]
[EventDate "2017.05.12"]
[PlyCount "127"]

1.d4 d5 2.c4 c6 3.Nc3 Nf6 4.e3 g6 5.Nf3 Bg7 6.Be2 O-O 7.O-O b6 8.cxd5 cxd5
9.b4 Bb7 10.Qb3 Nc6 11.a4 e6 12.Ba3 Re8 13.Rfc1 Rc8 14.a5 Bf8 15.a6 Ba8 
16.h3 Bd6 17.Bb5 Re7 18.Rc2 Rec7 19.Rac1 Qe7 20.Bxc6 Bxc6 21.Ne5 Be8 22.
Nd3 Ne4 23.Nxe4 dxe4 24.Nc5 Bc6 25.Nb7 Bd5 26.Nxd6 Qxd6 27.Qa4 Rxc2 28.
Rxc2 Rxc2 29.Qxc2 Qc6 30.Qe2 Qa4 31.Qb2 b5 32.Qc3 Qxa6 33.Qc7 h6 34.Qb8+ 
Kh7 35.Qc7 Qb7 36.Qc5 Kg8 37.Bc1 Qa6 38.h4 Qc6 39.Bd2 a6 40.Bc3 h5 41.Bd2 
Qd7 42.Qb6 Qc8 43.Qc5 Qd8 44.g3 Qf6 45.Qc8+ Kg7 46.Qxa6 Qf3 47.Qa1 Kf6 48.
Bc3 Bc4 49.Qe1 Kf5 50.Kh2 f6 51.Qg1 g5 52.Qg2 Qd1 53.hxg5 fxg5 54.Qh3+ Kg6
55.Qg2 Qb1 56.Qg1 Bf1 57.Qh1 Kf5 58.g4+ Kg6 59.gxh5+ Kh6 60.d5 exd5 61.Qg1
Qd1 62.Qg3 Qxh5+ 63.Kg1 Qh3 64.Qxh3+ 1/2-1/2

[Event "21st Asia-ch (w)"]
[Site "Chengdu CHN"]
[Date "2017.05.20"]
[Round "9.6"]
[White "Soumya, Swaminathan"]
[Black "Khademalsharieh, Sarasadat"]
[Result "1/2-1/2"]
[WhiteElo "2359"]
[BlackElo "2450"]
[EventDate "2017.05.12"]
[PlyCount "95"]

1.e4 e5 2.Nf3 Nc6 3.d4 exd4 4.Nxd4 Nf6 5.Nxc6 bxc6 6.e5 Qe7 7.Qe2 Nd5 8.c4
Nb6 9.Nc3 Bb7 10.Bd2 f6 11.exf6 gxf6 12.Be3 O-O-O 13.c5 Nd5 14.Nxd5 cxd5 
15.O-O-O Kb8 16.Qb5 Qe6 17.Qa5 f5 18.Rd3 a6 19.Rb3 Kc8 20.c6 Qxc6+ 21.Rc3 
Qd6 22.Bb6 Qf4+ 23.Kb1 Bb4 24.Rxc7+ Qxc7 25.Qxb4 Qc6 26.Bd3 Kb8 27.Rc1 Qe6
28.Re1 Qc6 29.Bxd8 Rxd8 30.Bxf5 Qf6 31.Bxh7 Qxf2 32.Bd3 Qxg2 33.Qd6+ Ka7 
34.Bxa6 Rc8 35.Bd3 Qd2 36.Qa3+ Kb8 37.Rh1 Re8 38.Qd6+ Ka8 39.Qa3+ Kb8 40.
Qc3 Qxc3 41.bxc3 d4 42.Rc1 Re3 43.Kc2 dxc3 44.Kxc3 Ba6 45.Rd1 Rh3 46.Kd4 
Bxd3 47.Rxd3 Rxh2 48.a4 1/2-1/2

[Event "21st Asia-ch (w)"]
[Site "Chengdu CHN"]
[Date "2017.05.20"]
[Round "9.11"]
[White "Mongontuul, Batchujagijn"]
[Black "Xu Yuze"]
[Result "1/2-1/2"]
[WhiteElo "2431"]
[BlackElo "2040"]
[EventDate "2017.05.12"]
[PlyCount "104"]

1.e4 c5 2.Nc3 Nc6 3.g3 g6 4.Bg2 Bg7 5.Nge2 e6 6.d3 Nge7 7.Be3 Nd4 8.O-O 
O-O 9.Rb1 Nec6 10.a3 a5 11.b4 axb4 12.axb4 Nxb4 13.Bxd4 cxd4 14.Rxb4 dxc3 
15.Rb3 Qa5 16.Qe1 Qa2 17.Qc1 Qa5 18.d4 b5 19.e5 Rb8 20.Nxc3 b4 21.Qa1 Qc7 
22.Ne4 Qxc2 23.Qb1 Qxb1 24.Rfxb1 Bb7 25.Nd6 Bxg2 26.Kxg2 Rfd8 27.Rxb4 Rxb4
28.Rxb4 Bf8 29.Kf3 f6 30.Rb7 Bxd6 31.exd6 Kf7 32.Ke4 Ke8 33.g4 h6 34.h4 g5
35.hxg5 hxg5 36.d5 Kf7 37.Ra7 Kg6 38.Kd4 exd5 39.Kxd5 f5 40.f3 Kf6 41.Rb7 
Kg6 42.Rc7 Kf6 43.Ra7 Kg6 44.Kc5 Kf6 45.Kb6 fxg4 46.fxg4 Rc8 47.Rxd7 Ke6 
48.Rg7 Kxd6 49.Rg6+ Ke5 50.Rxg5+ Kf6 51.Rd5 Rc4 52.g5+ Kg6 1/2-1/2

[Event "21st Asia-ch (w)"]
[Site "Chengdu CHN"]
[Date "2017.05.20"]
[Round "9.12"]
[White "Frayna, Janelle Mae"]
[Black "Tan Li Ting"]
[Result "1/2-1/2"]
[WhiteElo "2287"]
[BlackElo "2091"]
[EventDate "2017.05.12"]
[PlyCount "35"]

1.Nf3 Nf6 2.d4 e6 3.c4 b6 4.g3 Ba6 5.Nbd2 c5 6.Bg2 Bb7 7.dxc5 bxc5 8.O-O 
Be7 9.e4 O-O 10.Qc2 Nc6 11.Rd1 Qc7 12.b3 d6 13.Bb2 Rfd8 14.Ne1 Nb4 15.Qb1 
Nd7 16.Nd3 a5 17.a4 Nc6 18.Nf4 1/2-1/2

[Event "21st Asia-ch (w)"]
[Site "Chengdu CHN"]
[Date "2017.05.20"]
[Round "9.13"]
[White "Uuriintuya, Uurtsaikh"]
[Black "Atabaeva, Gozel"]
[Result "0-1"]
[WhiteElo "2251"]
[BlackElo "1990"]
[EventDate "2017.05.12"]
[PlyCount "128"]

1.e4 c5 2.Nf3 Nc6 3.d4 cxd4 4.Nxd4 g6 5.Nc3 Bg7 6.Be3 Nf6 7.Bc4 O-O 8.Bb3 
d6 9.f3 Na5 10.Qd2 Bd7 11.O-O-O Rb8 12.Bh6 Nxb3+ 13.Nxb3 b5 14.h4 b4 15.
Nd5 Nxd5 16.exd5 f6 17.Bxg7 Kxg7 18.g4 a5 19.Nd4 a4 20.Rhe1 Re8 21.g5 Qa5 
22.Ne6+ Bxe6 23.Rxe6 Qc7 24.Qd4 b3 25.axb3 axb3 26.c3 Qc5 27.gxf6+ exf6 
28.Qxf6+ Kg8 29.Rde1 Rf8 30.Qg5 Qf2 31.Qd2 Qxf3 32.Re7 Qf5 33.R7e4 Ra8 34.
Qd4 Rf6 35.Re8+ Rxe8 36.Rxe8+ Kf7 37.Re2 Qf1+ 38.Kd2 Qf4+ 39.Qe3 Kg7 40.
Qxf4 Rxf4 41.Re7+ Kf8 42.Re6 Rxh4 43.Rxd6 Rh2+ 44.Kd3 Rxb2 45.Kc4 Rb1 46.
Rd8+ Kg7 47.Rd7+ Kg8 48.d6 h5 49.Rb7 Rd1 50.Kc5 h4 51.d7 Kf8 52.Kc6 Ke7 
53.c4 Rd6+ 54.Kc5 Rxd7 55.Rxb3 g5 56.Re3+ Kf6 57.Kc6 Rd1 58.Rh3 Kf5 59.c5 
Re1 60.Kd5 Kg4 61.Rd3 h3 62.Rd2 Kg3 63.Rd3+ Kh4 64.Rd4+ g4 0-1

[Event "21st Asia-ch (w)"]
[Site "Chengdu CHN"]
[Date "2017.05.20"]
[Round "9.14"]
[White "Nie Xin"]
[Black "Li Xueyi"]
[Result "1-0"]
[WhiteElo "2045"]
[BlackElo "2161"]
[EventDate "2017.05.12"]
[PlyCount "107"]

1.d4 d5 2.c4 e6 3.Nc3 c6 4.e3 Nf6 5.b3 Nbd7 6.Bb2 Bd6 7.Nf3 O-O 8.Bd3 dxc4
9.bxc4 e5 10.O-O exd4 11.exd4 Re8 12.Qc2 Nf8 13.h3 Ng6 14.Rad1 Bd7 15.Bf5 
Bxf5 16.Qxf5 Qc8 17.Qxc8 Raxc8 18.g3 a6 19.a4 c5 20.d5 Nd7 21.Nd2 f5 22.f4
Re3 23.Kf2 Rce8 24.Rfe1 R3e7 25.Rxe7 Rxe7 26.Ba3 h5 27.h4 Nf6 28.Kf3 Ng4 
29.Nf1 Nf8 30.Rb1 Nd7 31.a5 Ndf6 32.Rb6 Re1 33.Rb1 Rxb1 34.Nxb1 Ne4 35.
Nbd2 Ngf6 36.Nb3 Kf7 37.Ne3 g6 38.Nd1 Nd7 39.Nb2 b5 40.axb6 Nxb6 41.Na5 
Nd2+ 42.Ke2 Nb1 43.Nb7 Nxa3 44.Nxd6+ Ke7 45.Nb7 Naxc4 46.Nxc4 Nxc4 47.Nxc5
a5 48.Kd3 Nd6 49.Kd4 Ne4 50.Na4 Nxg3 51.Kc5 Ne2 52.d6+ Kd8 53.Kc6 Nxf4 54.
Nc5 1-0

[Event "21st Asia-ch (w)"]
[Site "Chengdu CHN"]
[Date "2017.05.20"]
[Round "9.15"]
[White "Kiran, Monisha Mohanty"]
[Black "Zhao Shengxin"]
[Result "1-0"]
[WhiteElo "2160"]
[BlackElo "2155"]
[EventDate "2017.05.12"]
[PlyCount "63"]

1.e4 c5 2.Nf3 Nc6 3.Bb5 g6 4.Bxc6 dxc6 5.d3 Bg7 6.h3 Nf6 7.Nbd2 O-O 8.O-O 
Qc7 9.Re1 e5 10.Nc4 Ne8 11.Be3 b6 12.a4 Be6 13.b3 f6 14.Qc1 Nd6 15.a5 Nb5 
16.Nh2 Nd4 17.Ra2 Bxc4 18.bxc4 b5 19.Nf1 bxc4 20.dxc4 Qf7 21.Nd2 f5 22.Qa3
f4 23.Bxd4 cxd4 24.Rb1 Rfb8 25.Rab2 Qc7 26.a6 Bf8 27.Qa4 Rb6 28.c5 Rxb2 
29.Rxb2 Qd7 30.Rb7 Qe6 31.Qa5 Qe8 32.Qc7 1-0

[Event "21st Asia-ch (w)"]
[Site "Chengdu CHN"]
[Date "2017.05.20"]
[Round "9.16"]
[White "Geldieva, Mekhri"]
[Black "Gong Qianyun"]
[Result "0-1"]
[WhiteElo "2169"]
[BlackElo "2298"]
[EventDate "2017.05.12"]
[PlyCount "72"]

1.d4 Nf6 2.c4 c5 3.d5 e5 4.Nc3 d6 5.e4 Be7 6.f4 Ng4 7.Be2 h5 8.Nf3 Nd7 9.
O-O exf4 10.Bxf4 g5 11.Bd2 Nge5 12.Qa4 Bf6 13.Nxe5 Bxe5 14.Rf5 f6 15.Raf1 
Qe7 16.Nb5 O-O 17.Qc2 Nb6 18.Bxh5 a6 19.Na3 Bxf5 20.Rxf5 Bd4+ 21.Kh1 Nd7 
22.b3 Kg7 23.Nb1 Rh8 24.g4 Rxh5 25.gxh5 Rh8 26.Bc3 Rxh5 27.Bxd4 cxd4 28.b4
Ne5 29.Qe2 Rh4 30.Nd2 d3 31.Qe1 Nxc4 32.Nxc4 Rxe4 33.Qc3 Re1+ 34.Kg2 Qe4+ 
35.Kg3 Qh4+ 36.Kg2 Qg4+ 0-1

[Event "21st Asia-ch (w)"]
[Site "Chengdu CHN"]
[Date "2017.05.20"]
[Round "9.17"]
[White "Mendoza, Shania Mae"]
[Black "Pratyusha, Bodda"]
[Result "1/2-1/2"]
[WhiteElo "2019"]
[BlackElo "2269"]
[EventDate "2017.05.12"]
[PlyCount "71"]

1.e4 e5 2.Nf3 Nc6 3.d4 exd4 4.Nxd4 Nf6 5.Nxc6 bxc6 6.e5 Qe7 7.Qe2 Nd5 8.c4
Nb6 9.Nc3 Qe6 10.b3 a5 11.Qe3 g6 12.Ne4 Bg7 13.Nf6+ Bxf6 14.exf6 O-O 15.
Bb2 Re8 16.O-O-O Qxe3+ 17.fxe3 c5 18.h4 h5 19.g4 Bb7 20.Rg1 hxg4 21.Be2 
Bf3 22.Bxf3 gxf3 23.h5 Rxe3 24.hxg6 f2 25.Rh1 fxg6 26.Rh8+ Kf7 27.Rh7+ Kf8
28.Rh8+ Kf7 29.Rh7+ Kf8 30.Kd2 Rf3 31.Ke2 Rf5 32.Rh8+ Kf7 33.Rh7+ Kf8 34.
Rh8+ Kf7 35.Rh7+ Kf8 36.Rh8+ 1/2-1/2

[Event "21st Asia-ch (w)"]
[Site "Chengdu CHN"]
[Date "2017.05.20"]
[Round "9.18"]
[White "Ovezdurdieva, Jemal"]
[Black "Chu Ruotong"]
[Result "0-1"]
[WhiteElo "2016"]
[BlackElo "2251"]
[EventDate "2017.05.12"]
[PlyCount "68"]

1.d4 Nf6 2.c4 g6 3.Nc3 d5 4.Nf3 Bg7 5.Bg5 Ne4 6.Bf4 Nxc3 7.bxc3 O-O 8.e3 
c5 9.cxd5 cxd4 10.cxd4 Qxd5 11.Be2 Nc6 12.O-O Rd8 13.Qc2 Bf5 14.Qb2 Rac8 
15.Rac1 h6 16.Bc4 Qd7 17.Qb3 e6 18.Bb5 a6 19.Be2 Qe7 20.Qb6 Be4 21.Rfd1 
Bd5 22.a4 Qa3 23.Bc4 Qb4 24.a5 Bxc4 25.Bc7 Rd7 26.Nd2 Be2 27.Rxc6 Qxb6 28.
axb6 Bxd1 29.Rc1 Ba4 30.Ne4 Bc6 31.Bg3 Ra8 32.Nc5 Rd5 33.f3 a5 34.Ne4 Rb5 
0-1

[Event "21st Asia-ch (w)"]
[Site "Chengdu CHN"]
[Date "2017.05.20"]
[Round "9.19"]
[White "Doan Thi Van Anh"]
[Black "Liu Shilan"]
[Result "1-0"]
[WhiteElo "1997"]
[BlackElo "2234"]
[EventDate "2017.05.12"]
[PlyCount "59"]

1.d4 Nf6 2.Nf3 e6 3.e3 b6 4.Bd3 Bb7 5.Nbd2 d5 6.Ne5 Nfd7 7.O-O Nxe5 8.dxe5
Nd7 9.f4 Bc5 10.Nf3 f5 11.c3 a5 12.Bd2 g6 13.b4 Be7 14.Nd4 Kf7 15.g4 h5 
16.gxf5 gxf5 17.Bxf5 exf5 18.e6+ Kf6 19.Qc2 Qg8+ 20.Kh1 Qh7 21.Be1 Kg7 22.
exd7 Kf7 23.b5 Bf6 24.Nc6 Ke6 25.Rd1 Qxd7 26.c4 d4 27.exd4 Bxd4 28.Qg2 
Rhg8 29.Rxd4 Bxc6 30.Qxc6+ 1-0

[Event "21st Asia-ch (w)"]
[Site "Chengdu CHN"]
[Date "2017.05.20"]
[Round "9.20"]
[White "Song Yuxin"]
[Black "Bayar Anu"]
[Result "1/2-1/2"]
[WhiteElo "1977"]
[BlackElo "2067"]
[EventDate "2017.05.12"]
[PlyCount "54"]

1.e4 e5 2.Nf3 Nc6 3.Bb5 a6 4.Ba4 Nf6 5.O-O Be7 6.Re1 b5 7.Bb3 O-O 8.h3 Bb7
9.d3 d5 10.exd5 Nxd5 11.Nxe5 Nxe5 12.Rxe5 Bf6 13.Re1 Qd7 14.Nd2 Rfe8 15.
Ne4 Be7 16.Bd2 c5 17.c4 Nf6 18.Bc3 Nxe4 19.dxe4 Qxd1 20.Raxd1 b4 21.Be5 
Bf8 22.Bd6 Rxe4 23.Rxe4 Bxe4 24.Bxf8 Kxf8 25.Ba4 Rc8 26.Rd6 Bb7 27.Kf1 Rc7
1/2-1/2

[Event "21st Asia-ch (w)"]
[Site "Chengdu CHN"]
[Date "2017.05.20"]
[Round "9.21"]
[White "Du Yuxin"]
[Black "Hamedi Nia, Vesal"]
[Result "1/2-1/2"]
[WhiteElo "2046"]
[BlackElo "1998"]
[EventDate "2017.05.12"]
[PlyCount "174"]

1.e4 c5 2.Nf3 e6 3.g3 Nc6 4.Bg2 Nf6 5.Qe2 Be7 6.O-O O-O 7.Rd1 d5 8.exd5 
exd5 9.d4 cxd4 10.Nxd4 Nxd4 11.Rxd4 Bc5 12.Rd1 Bg4 13.Bf3 Re8 14.Qd3 Qb6 
15.Nc3 Bxf2+ 16.Kg2 Be1 17.Qd4 Bxf3+ 18.Kxf3 Qxd4 19.Rxd4 Bxc3 20.bxc3 
Rac8 21.Bd2 Rc5 22.Rb1 b6 23.Rb3 Ne4 24.Ra3 Nd6 25.Ra6 Nb5 26.Rd3 Ra8 27.
Be3 Rxc3 28.Rxc3 Nxc3 29.Bxb6 f6 30.Rxa7 Rxa7 31.Bxa7 Nxa2 32.Bc5 Nc3 33.
Ke3 Nb5 34.Kd3 Kf7 35.c4 dxc4+ 36.Kxc4 Nc7 37.Bb6 Ne6 38.Kd5 h5 39.h4 Nf8 
40.Bc5 Nd7 41.Bd6 Kg6 42.Ke4 Nb6 43.Bc5 Nc4 44.Kf4 Ne5 45.Bd6 Nf7 46.Be7 
Nh6 47.Bf8 Nf5 48.Bc5 Nh6 49.Bf8 Kf7 50.Bc5 Ke6 51.Bf8 Kf7 52.Bc5 Ng4 53.
Kf5 g6+ 54.Kf4 Ke6 55.Bd4 Kd5 56.Bb6 Kc4 57.Bd8 Kd3 58.Be7 Ke2 59.Bd8 Kf2 
60.Be7 Kg2 61.Bd8 Kf2 62.Be7 Ke2 63.Bd8 Kd3 64.Be7 Kd4 65.Bd8 Kd5 66.Be7 
Ke6 67.Bd8 Ne5 68.Ba5 Nf7 69.Bb4 Ne5 70.Ba5 Kd5 71.Bd8 Ke6 72.Ba5 Nd3+ 73.
Ke3 Nc1 74.Kf4 Ne2+ 75.Kf3 Nd4+ 76.Ke4 Nc6 77.Bd2 Ne7 78.Bc3 g5 79.hxg5 
fxg5 80.Bd2 Kf6 81.Bc3+ Kg6 82.Be5 Nf5 83.Kf3 Nh6 84.Ke4 Ng4 85.Bd4 h4 86.
gxh4 gxh4 87.Kf3 h3 1/2-1/2

[Event "21st Asia-ch (w)"]
[Site "Chengdu CHN"]
[Date "2017.05.20"]
[Round "9.22"]
[White "Khallaeva, Bakhar"]
[Black "Wen Yili"]
[Result "1-0"]
[WhiteElo "2085"]
[BlackElo "1723"]
[EventDate "2017.05.12"]
[PlyCount "63"]

1.e4 e5 2.Nf3 Nc6 3.Bc4 Bc5 4.O-O Nf6 5.d3 d6 6.c3 O-O 7.Bg5 h6 8.Bh4 g5 
9.Bg3 a6 10.Bb3 Ba7 11.Re1 Be6 12.Bc2 g4 13.Nh4 Nh5 14.Nd2 Ne7 15.Nf1 Ng6 
16.Nf5 Qg5 17.d4 Nhf4 18.N1e3 h5 19.Kh1 Rae8 20.f3 gxf3 21.Qxf3 h4 22.Bf2 
Kh8 23.Rg1 exd4 24.cxd4 Qh5 25.Bxh4 Nxh4 26.Qxf4 Nxf5 27.Nxf5 Bxf5 28.exf5
f6 29.Rad1 Re2 30.Rd3 Kg7 31.Rh3 Qg5 32.Rg3 1-0

[Event "21st Asia-ch (w)"]
[Site "Chengdu CHN"]
[Date "2017.05.20"]
[Round "9.24"]
[White "Omurbekova, Diana"]
[Black "Hu Yu A"]
[Result "0-1"]
[WhiteElo "1822"]
[BlackElo "2043"]
[EventDate "2017.05.12"]
[PlyCount "96"]

1.e4 c5 2.Nf3 Nc6 3.d3 g6 4.g3 Bg7 5.Bg2 d6 6.O-O Nf6 7.c3 O-O 8.a4 c4 9.
Na3 cxd3 10.Qxd3 Be6 11.Nd4 Nxd4 12.cxd4 Qd7 13.b3 Bh3 14.Bb2 d5 15.e5 Ne4
16.Rfc1 Bxg2 17.Kxg2 Qh3+ 18.Kg1 f6 19.Rc2 fxe5 20.dxe5 Rad8 21.Rf1 Qf5 
22.f4 e6 23.Rc7 g5 24.Nb5 gxf4 25.Rxf4 Qg6 26.Rxf8+ Rxf8 27.Rc1 Qh5 28.Rf1
Rxf1+ 29.Qxf1 Bxe5 30.Bxe5 Qxe5 31.Qc1 Qb8 32.Qh6 Qe5 33.Qc1 Kg7 34.Kg2 a6
35.Nc7 Qf5 36.Qe3 Kf7 37.Qb6 Ng5 38.Qe3 Qe4+ 39.Qxe4 Nxe4 40.b4 Ke7 41.b5 
Nc5 42.bxa6 bxa6 43.a5 Kd7 44.Na8 Na4 45.Kf3 Kc6 46.Kf4 Kb7 47.Nb6 Nxb6 
48.axb6 a5 0-1

[Event "21st Asia-ch (w)"]
[Site "Chengdu CHN"]
[Date "2017.05.20"]
[Round "9.25"]
[White "Khan, Nazrana"]
[Black "Mukhit, Aisezym"]
[Result "0-1"]
[WhiteElo "1912"]
[BlackElo "2034"]
[EventDate "2017.05.12"]
[PlyCount "108"]

1.d4 Nf6 2.c4 c5 3.d5 b5 4.cxb5 a6 5.bxa6 Bxa6 6.Nc3 d6 7.g3 g6 8.Nf3 Bg7 
9.e4 Bxf1 10.Kxf1 Nbd7 11.Kg2 O-O 12.Qe2 Ra5 13.h3 Qa8 14.Re1 Rb8 15.Nd2 
Ne8 16.Nc4 Ra7 17.Qc2 Nc7 18.a4 Rb4 19.b3 f5 20.f3 fxe4 21.fxe4 Ne5 22.
Nxe5 Bxe5 23.Bg5 c4 24.Ra3 Rab7 25.Rf1 Rxb3 26.Rxb3 cxb3 27.Qf2 Qe8 28.Bh6
Bf6 29.g4 Rb8 30.Nb5 Nxb5 31.axb5 g5 32.h4 gxh4 33.g5 Qg6 34.Kh3 Bg7 35.b6
Bxh6 36.gxh6 Qg3+ 37.Qxg3+ hxg3 38.Kxg3 Rxb6 39.Kf4 b2 40.Rb1 Kf7 41.Ke3 
Kg6 42.Kf4 Kxh6 43.Kf5 Rb4 44.e5 dxe5 45.Kxe5 Kg5 46.Rg1+ Kh4 47.Rb1 Kg3 
48.Ke6 Re4+ 49.Kf5 Re2 50.Kg5 Rh2 51.Rd1 Kf3 52.Kf5 Ke2 53.Rb1 Kd3 54.Ke6 
Re2+ 0-1